X MANUAL SET VOL3 : (Record no. 198694)
[ view plain ]
| 000 -LEADER | |
|---|---|
| fixed length control field | 00708 a2200169 4500 |
| 003 - CONTROL NUMBER IDENTIFIER | |
| control field | Nust |
| 005 - DATE AND TIME OF LATEST TRANSACTION | |
| control field | 20230531124748.0 |
| 020 ## - INTERNATIONAL STANDARD BOOK NUMBER | |
| International Standard Book Number | 0201175525 |
| 040 ## - CATALOGING SOURCE | |
| Transcribing agency | Nust |
| 082 ## - DEWEY DECIMAL CLASSIFICATION NUMBER | |
| Classification number | 005.43,ADD |
| 245 ## - TITLE STATEMENT | |
| Title | X MANUAL SET VOL3 : |
| Remainder of title | X intrinsics and athena widgets / |
| Statement of responsibility, etc. | Addison wesely |
| 250 ## - EDITION STATEMENT | |
| Edition statement | vol 3 |
| 260 ## - PUBLICATION, DISTRIBUTION, ETC. | |
| Place of publication, distribution, etc. | NEW YORK |
| Name of publisher, distributor, etc. | Addison wesely |
| Date of publication, distribution, etc. | 1985 |
| 500 ## - GENERAL NOTE | |
| General note | vol 3 |
| 505 ## - FORMATTED CONTENTS NOTE | |
| Formatted contents note | Section 3xt Cross reference (Page-), Intrinsic Function, Section 3xt Manual Pages (Page-), x Toolkit Intrinsic- C Language Interface (Page-), x Toolkit Athena Widgets- C Language Interface (Page-), A simple X11 Client Program (Page-), Converting Widgets from x11 Release2 to X11 Release 3 (Page-). |
| 942 ## - ADDED ENTRY ELEMENTS (KOHA) | |
| Source of classification or shelving scheme | |
| Koha item type | Book |
| Call number prefix | 005.43,ADD |
| Withdrawn status | Lost status | Source of classification or shelving scheme | Damaged status | Not for loan | Permanent Location | Current Location | Shelving location | Date acquired | Full call number | Barcode | Date last seen | Price effective from | Koha item type | Public note |
|---|---|---|---|---|---|---|---|---|---|---|---|---|---|---|
| Military College of Signals (MCS) | Military College of Signals (MCS) | General Stacks | 12/12/2016 | 005.43,ADD | MCS358 | 12/08/2016 | 12/12/2016 | Book | Almirah No.6, Shelf No.1 | |||||
| Military College of Signals (MCS) | Military College of Signals (MCS) | General Stacks | 12/12/2016 | 005.43,ADD | MCS359 | 12/08/2016 | 12/12/2016 | Book | Almirah No.80, Shelf No.5 |
